00262nam a2200121Ia 45000030006000000080041000060400015000471000013000622450027000752600009001025460012001110050017001230STCL150530s9999 xx 000 0 und d aSTCLcSTCL aWyzanski aNew meaning of justice c1966 aEnglish20220125171402.0